000 00578nam a2200157Ia 4500
008 230907s9999||||xx |||||||||||||| ||und||
082 _a621.3
_bSUL
100 _aMuhammad Shahroz Sultan (00000319255)
_9116679
245 0 _aMulti-Objective Optimization Based Approach for Optimal Allocation of Distributed Generation Considering Techno-Economic and Environmental Indices /
260 _aUSPCAS-E, NUST,
_bIslamabad :
_c2022
300 _axii, 66 p.
520 _aTH-349
650 _aMS-EEP Thesis MS Thesis
700 _aDr Syed Ali Abbas Kazmi
_9117439
942 _cTHE
_2ddc
999 _c602027
_d602027